000 00654nam a2200169 i 4500
001 73725
003 ES-MaACL
005 20230906171914.0
007 t|
008 040910s1943 sp ||||1| spa d
100 1 _aGonella, Guido.
_958238
245 1 0 _aPostulados de un órden internacional
_b: notas a los mensajes de S.S. Pío XII publicados en "L'Osservatore Romano" /
_cGuido Gonella ; traducción española de José Mª Sánchez de Muniain.
260 _aMadrid :
_bEditorial Católica,
_c[1943] (
_fGalo Saéz)
300 _a345 p. ;
_c22 cm.
700 1 _aSánchez de Muniain y Gil, José María.
_9102590
852 _aES-MaACL
_jF-15681
_bR.20009
999 _c73725
_d73725